000 004220000a22001690004500
003 MACL
005 20160102123033.0
008 160102b xxu||||| |||| 00| 0 eng d
040 _aMACL
_cMACL
041 _aEnglish
082 _a800
100 _aSahitya Akademi
_98336
245 _aContemporary Indian Literature
260 _bSahitya Akademi
_c1957
_aNew Delhi
650 _aLiterature
_926932
942 _cBK
_k800
_2ddc
999 _c38876
_d38876